00941 2200349 4500001002100000005001500021035002000036007000300056040001700059100002200076245005200098250001300150300003600163504002500199020002200224041000800246082001000254084001600264090002200280264004900302336002100351337003000372338002300402500002900425650001400454850001000468008004100478990001800519990001800537990001800555990001800573INLIS00000000000564920260501082806 a0010-0222000739ta aSBPUPADbInd0 aKasmirePengarang1 aDasar-Dasar Perbankan :bEdisi Revisi /cKasmir a.-cet.10 axvi,382 hlm. :billus. ;c21 cm aBibliografi, hlm 263 a978-979-769-421-0 aInd a332.1 a332.1 KAS d a332.645 SUD m 9-2 a.--Jakarta :bPT RajaGrafindo Persada,c2012 2rdacontentaTeks 2rdamediaaTanpa Perantara 2rdacarrieraVolume aBiodata Penulis, hlm 381 4aPerbankan aPUPAD260501 0  a18653/BR/2013 a18654/BR/2013 a18655/BR/2013 a18656/BR/2013